Most Guessed Cities by State #2 - Statistics

General Stats
  • This quiz has been taken 34 times
  • The average score is 22 of 30
Answer Stats
Hint & Answer % Correct
Texas 95 Austin
100%
Texas 99 Dallas
97%
Texas 99 Houston
97%
Texas 90 San Antonio
97%
Arizona 100 Phoenix
94%
Colorado 100 Denver
91%
Ohio 95 Columbus
88%
Ohio 94 Cincinnati
84%
Ohio 96 Cleveland
84%
Texas 88 El Paso
84%
Missouri 93 Kansas City
84%
Arizona 88 Tucson
84%
Colorado 89 Colorado Springs
81%
New Hampshire 95 Concord
81%
Missouri 97 St. Louis
81%
Arizona 72 Mesa
78%
Ohio 76 Toledo
78%
Ohio 76 Akron
72%
Missouri 72 Jefferson City
72%
Colorado 68 Aurora
69%
Colorado 76 Boulder
69%
Missouri 66 Springfield
63%
Arizona 71 Flagstaff
56%
New Hampshire 92 Manchester
56%
Arizona 64 Scottsdale
53%
Colorado 55 Fort Collins
44%
Missouri 49 Columbia
41%
New Hampshire 66 Portsmouth
38%
New Hampshire 76 Nashua
34%
New Hampshire 46 Dover
16%
No matching quizzes found
Score Distribution
Percent of People with Each Score
Percentile by Number Answered
Your Score History
You have not taken this quiz